Statistiche per Top 15 dei paesi con decessi Covid-19 - 1 mag 2021

Clicka qui per fare il quiz!

Statistiche generali

  • Questo quiz è stato fatto 3 volte
  • Il punteggio medio è 15 su 24

Statistiche sulle risposte

paese% Corretto
Argentina
100%
Brasile
100%
Francia
100%
Germania
100%
India
100%
Iran
100%
Italia
100%
Polonia
100%
Regno Unito
100%
Russia
100%
Spagna
100%
Stati Uniti
100%
Belgio
50%
Cechia
50%
Colombia
50%
Croazia
50%
Messico
50%
Perù
50%
Bosnia ed
Erzegovina
0%
Bulgaria
0%
Macedonia
del Nord
0%
Slovacchia
0%
Slovenia
0%
Ungheria
0%

Distribuzione punteggi

Percentile per numero di risposta

Percentuale di utenti per punteggio

I tuoi punteggi nel tempo

Non hai fatto questo quiz